1061 1638 1631 1302 1207 1005 1184 1404 1845 1382 1508 1611 1511 1884 1197 1850 1911 1899 1754 1094 1430 1396 1319 1583 1498 1831 1239 1017 1714 1462 1823 1170 1800 1274 1269 1515 1470 1314 1712 1953 1864 1216 1225 1854 1134 1851 1628 1690 1090 1981 1334 1060 1407 1593 1272 1329 1329 1239 1779 1494 1409 1870 1367 1465 1525 1819 1942 1663 1253 1468 1801 1663 1342 1685 1996 1033 1525 1442 1462 1350 1352 1846 1048 1643 1765 1828 1908 1696 1393 1372 1560 1794 1308 1978 1143 1758 1498 1790 1112 BCNSPRNW ULIB Ver.6.0+V

เปลี่ยนเป็นภาษาไทย

Change to English
 แสดงรายละเอียดบรรณานุกรม
  กลับหน้าหลัก

Brief Record : Get Marc (ISO 2709) : E-mail record : QR code < ปิดหน้าต่าง
LEADER : 00000nam 2200000uu 4500
001    13399109289
003     ULIB
008    110327s2549||||th 000 0 tha d
020    9749477782
060 04 WM55^bอ332ก 2549
100 0  อรพรรณ ลือบุญธวัชชัย
245 10 การให้คำปรึกษาทางสุขภาพ /^cอรพรรณ ลือบุญธวัชชัย
250    พิมพ์ครั้งที่ 1
260    กรุงเทพฯ :^bธนาเพรส,^c2549
300    186 หน้า ;^c26 ซม.
650  7 ผู้ป่วย^xการให้คำปรึกษา
650  7 การแนะแนวสุขภาพ
650  7 การให้คำปรึกษาครอบครัว
945    ^p165^l0^i020510
945    ^p165^l0^i021542
945    ^p165^l0^i021541
945    ^p165^l0^i021540
945    ^p165^l0^i020509
995    ทศพร
999 ^a ใช้งานได้ทุกระบบ
รายการนี้ยังไม่มีแท็ก
คุณยังไม่ได้ล็อกอิน คุณสามารถมีกิจกรรมร่วมกับเว็บไซต์ได้ แต่ต้องล็อกอินก่อน ::
  ล็อกอิน

รายการสื่อสารสนเทศ

ลำดับที่ ประเภท เลขเรียก/บาร์โค้ด สถานที่ สถานะ
- ไม่พบข้อมูล -

รายการใกล้เคียง
    ผู้แต่ง [อรพรรณ ลือบุญธวัชชัย]

    หัวเรื่อง [การแนะแนวสุขภาพ]
    หัวเรื่อง [การให้คำปรึกษาครอบครัว]

BibComment


ยังไม่เคยถูกคอมเมนท์

คอมเมนท์ทรัพยากรรายการนี้
  คอมเมนท์: การให้คำปรึกษาทาง..


 Copyright 2026. Bcnsprnw @Library